| 000 | 00834nam a2200241Ia 4500 | ||
|---|---|---|---|
| 999 |
_c65633 _d65633 |
||
| 005 | 20240530110835.0 | ||
| 008 | 140319s2007 xx 000 0 ara d | ||
| 017 | _bمصر. دار الكتب | ||
| 040 |
_aGCL / _cGCL |
||
| 082 | 0 | 4 |
_221 _a291.2 _bخ ع |
| 100 | 0 | _aخالد رحال محمد الصلاح | |
| 245 | 1 | 0 |
_aالعقائد المشتركة بين اليهود والنصارى وموقف الاسلام منها _cخالد رحال محمد الصلاح |
| 250 | _aط .1 | ||
| 260 |
_aبيروت : _c2007 |
||
| 300 | _a400 ص؛ | ||
| 650 | 0 | 4 |
_aالديمقراطية _2qrmak |
| 650 | 0 | 4 |
_aوسائل الاعلام _2qrmak |
| 650 | 0 | 4 |
_aالراى العام _2qrmak |
| 650 | 0 | 4 |
_aقياس الرأى العام _2qrmak |
| 651 | _2qrmak | ||
| 942 |
_2ddc _cBK |
||